00713nam a22001817a 4500003000900000008004100009040007100050082001800121100002100139245002800160260007200188300002700260505017300287650002200460650001200482650001900494650001800513AR-CdUCM190221b ||||| |||| 00| 0 spa d aMUNICIPALIDAD PROVINCIAL DEL CUSCOcBIBLIOTECA MUNICIPAL DEL CUSCO a082.01 /bD69 aDickens, Charles aA orillas del Tamesis / aMadrid :bSelecciones Gráficas: Dr: Federico Rubio y Gali,c1963. a1489 paginas ;c19 cm. aContenido: Charles Dickens, retrato biográfico -- Papeles póstumos del club Pickwick -- Historia en dos ciudades -- Canción de Navidad -- El secreto del ahorcado. aCiudades modernas aNavidad aSecreto oculto aClub Pickwick